Evanjelium Pána a Spasiteľa nášho Isusa Christa 1.

Podrobná bibliografia
Hlavný autor: Pružinský, Štefan, 1935- (Autor)
Médium: Kniha
Jazyk:slovenčina
Fyzický popis:225 strán 21 cm
Vydavateľské údaje: Prešov Pravoslávna bohoslovecká fakulta PU 2002
ISBN:8080681171
Vydanie:2. vydanie
Edícia:Vysokoškolské učebné texty
Predmet:

MARC

LEADER 00000cam a2200000 a 4500
001 vtls001452470
003 SK-MaSNL
005 20260301163119.0
008 240226s2002 xo ern p 000 0 slo
015 |a SNBA2003/09-03320 
020 |a 8080681171 
035 |a SNK000407777 
035 |a urn:nbn:sk:snk-am3j0yq 
035 |a 67EA39D0-D263-4FAF-A6E1-1DF1C818D0DA 
035 |a urn:nbn:sk:snk-am00gf7e 
040 |a SNK  |b slo  |c SNK  |e AACR2 
041 0 |a slo 
044 |a xo  |c SK 
072 7 |a 2-23/-27  |x Biblia. Biblistika  |2 konspekt 
080 |a 27-246  |2 2011 
080 |a 27-247  |2 2011 
080 |a 27-27  |2 2011 
080 |a (075.8)  |2 2011 
080 |a 27-232/-236  |2 2011 
100 1 |a Pružinský, Štefan,  |d 1935-  |4 aut  |9 198279 
245 1 0 |a Evanjelium Pána a Spasiteľa nášho Isusa Christa  |n 1.  |c Štefan Pružinský 
250 |a 2. vydanie 
260 |a Prešov  |b Pravoslávna bohoslovecká fakulta PU  |c 2002 
300 |a 225 strán  |c 21 cm 
366 |e 800 kusov 
490 1 |a Vysokoškolské učebné texty 
504 |a Bibliografia na strane 219-223 
600 0 7 |a Ježiš Kristus  |2 SNKMA 
630 0 7 |a Biblia  |p Nový zákon  |2 SNKPH 
630 0 7 |a Biblia  |p Evanjeliá  |2 SNKPH  |9 162776 
650 0 7 |a biblistika  |2 SNKPH  |9 1798 
650 0 7 |a biblické texty  |2 SNKPH  |9 1917 
655 7 |a učebnice vysokých škôl  |2 SNKPH  |9 70191 
810 2 |a Prešovská univerzita v Prešove.  |b Pravoslávna bohoslovecká fakulta  |t Vysokoškolské učebné texty  |9 376954 
919 |a 80-8068-117-1 
958 |a NB 
958 |a NT 
958 |a OND 
999 |c 815739  |d 817669 
952 |t P60, <03>, [BOOK], {603}  |a SNK  |b SNK  |y PREZ  |7 0  |p 17A0382083  |o snkSC 111410  |i snkKSP 5236/2003  |0 0  |1 0  |4 0  |d 2003-04-24  |f 1  |l 0  |r 2025-10-01 00:00:00  |w 2026-02-24 
952 |t P60, <04>, [BOOK], {604}  |a SNK  |b SNK  |y VYP  |7 0  |p 17A0382594  |o snkSC 111410 D1  |i snkKSP 5546/2003  |0 0  |1 0  |4 0  |d 2003-05-06  |l 0  |r 2005-01-02 00:00:00  |w 2026-02-24